02349nam a2200265Ia 45000010005000000080041000050100009000460410014000550820023000692450144000922600022002363000007002585200007002656300027002726300028002996300012003276300026003396300061003656500067004267000029004937000043005227000042005657000030006075201446006377756241029s9999 xx 000 0 und d a7316 aEspañol aucsd-mgm-0147-2019 0a Análisis de las tecnologías de la información y la comunicación en las estrategias de ventas de productos médicos de marca Medi. aDistrito Nacional a65 a65 aCiencia y Tecnología aDesempeño Profesional aDigital aMedios Tecnológicos aTecnología de la Información y Comunicación (TICs) aTecnología de la Información y de la Comunicación (TICs) easesoraCapellan , Henry eautoraWillmore Gonzalez , Julio Cesar eautoraMorel Gomez, Alfredo Cristobal easesoraAstacio , Martin  aEl objetivo general de este trabajo de investigativo, consiste en el análisis de las tecnologías  de la información y la comunicación a las estrategias de ventas de productos médicos de la marca Medi en la República Dominicana para el año 2019.Este trabajo es de diseño no experimental y de corte transversal siendo además un estudio descriptivo de enfoque mixto.  La población se halla formada por todo el personal administrativo y clientes actuales de la marca. Los métodos de investigación que se emplearon son la entrevista realizada a la gerente de la marca, se encuentran aspectos relevantes relacionados con sus estrategias de ventas, así como lo relativo a sus enfoques estratégicos y sus perspectivas sobre recursos con los que cuenta en sus interacciones con clientes relacionados.La realidad de los TICS con las que cuenta la marca se obtiene en el levantamiento realizado con la lista de cotejo, donde se puede apreciar que la marca cuenta con herramientas básicas para realizar sus operaciones diarias, a pesar de que estas adolecen de ciertas debilidades y mediante la mejora y ajustes por hacer se concentrarían en las fortalezas.En sección de encuestas realizadas a los clientes, se analizan y ponderan las experiencias de estos con relación a las TICS, y sus opciones puntuales a procesos y recomendaciones a la marca e temas de mejoras en la comunicación y seguimiento postventa.